Limca Book of Records 2025: (Record no. 213770)

MARC details
000 -LEADER
fixed length control field 00565nam a22001817a 4500
005 - DATE AND TIME OF LATEST TRANSACTION
control field 20251118121715.0
010 ## - LCCN (DPL NO)
LC control number ENG-147089
020 ## - INTERNATIONAL STANDARD BOOK NUMBER
International Standard Book Number 9789357313032
Terms of availability 450.00
035 ## - SYSTEM CONTROL NUMBER
System control number EN-130621
037 ## - SOURCE OF ACQUISITION
Source of stock number/acquisition DBAD
082 ## - DEWEY DECIMAL CLASSIFICATION NUMBER
Classification number 032.02
Edition number 1
245 ## - TITLE STATEMENT
Title Limca Book of Records 2025:
Remainder of title India ay Her Best
260 ## - PUBLICATION, DISTRIBUTION, ETC. (IMPRINT)
Place of publication, distribution, etc Gurugram
Name of publisher, distributor, etc Hachette Book Publishing India Pvt.Ltd
Date of publication, distribution, etc 2025
270 ## - ADDRESS
Address 4th &5th Floors ,Corprate Centre Plot No.94,Sector 44
City Gurugram
Postal code 122003
300 ## - PHYSICAL DESCRIPTION
Extent 752p.
Dimensions 20cm(Pb)
Other physical details ill.
760 ## - MAIN SERIES ENTRY
Edition 1
942 ## - ADDED ENTRY ELEMENTS (KOHA)
Source of classification or shelving scheme Dewey Decimal Classification
Item type English Books
Classification part 032.02
Call number suffix LIM
Edition 1
Holdings
Withdrawn status Lost status Not for loan Collection code Home library Current library Date acquired Source of acquisition Cost, normal purchase price Full call number Barcode Copy number Cost, replacement price Koha item type
      Non-fiction Mobile Library Mobile Library 18/11/2025 DBAD 450.00 032.02 LIM EN-130621 1 450.00 English Books

© Delhi Public Library
Hit Counter
free hit counter